Personnages de Pinocchio en images - Disney - Statistiques

Statistiques générales
  • Ce quiz a été pris 30 fois
  • Le résultat moyen est 8 sur 13
Statistiques - réponses
Par images Réponse % Correct
Geppetto
100%
Pinocchio
100%
Jiminy Cricket
84%
Figaro
80%
Cléo
68%
Fée Bleue
68%
Monstro
64%
Stromboli
60%
Grand Coquin
52%
Gédéon
48%
Crapule
28%
Le Cocher
28%
Alexandre
20%
Aucun quiz correspondant
Distribution des résultats
% des personnes avec chaque résultat
Percentile par nombre de réponses
Votre historique - résultats
Vous n’avez pas pris ce quiz